Five have a wonderful time

Bibliographic Details
Main Author: Blyton, Enid
Other Authors: Knox, Jolyne (illustrated)
Format: Book
Published: London : Hodder and Stoughton Ltd , 1984
Series:The famous five
Subjects:

MARC

LEADER 00000cam a2200000 7i4500
001 0000007870
002 000008444
005 20080401.0
020 |a 086163604X 
090 0 0 |a JF   |b BLY 
100 1 |a Blyton, Enid 
245 1 0 |a Five have a wonderful time   |c Enid Blyton ; illustrated by Jolyne Knox 
260 |a London :   |b Hodder and Stoughton Ltd ,   |c 1984 
300 |a 175p. :   |b ill. ;   |c 19cm. 
490 0 |a The famous five 
650 0 0 |a Children's stories 
700 1 |a Knox, Jolyne ,   |e illustrated 
999 |a 031255   |b BUKU   |c PINJAMAN   |e PERPUSTAKAAN KOMUNITI PETALING JAYA 
999 |a 041235   |b BUKU   |c PINJAMAN   |e PERPUSTAKAAN KOMUNITI PETALING JAYA 
999 |a 041237   |b BUKU   |c PINJAMAN   |e PERPUSTAKAAN KOMUNITI PETALING JAYA 
999 |a 056999   |b BUKU   |c PINJAMAN   |e PERPUSTAKAAN KOMUNITI PETALING JAYA 
999 |a 057000   |b BUKU   |c PINJAMAN   |e PERPUSTAKAAN KOMUNITI PETALING JAYA 
999 |a 057001   |b BUKU   |c PINJAMAN   |e PERPUSTAKAAN KOMUNITI PETALING JAYA